| Tag |
First Indicator |
Second Indicator |
Subfields |
| LEADER |
00000cas a2200000 a 4500 |
| 001 |
in00000095329 |
| 005 |
20150927150053.0 |
| 008 |
770505d19762010ii tr p 0 a0eng |
| 010 |
|
|
|a sc 79002601
|
| 015 |
|
|
|a 012225703
|2 dnb
|
| 016 |
7 |
|
|a 406505-0
|2 DE-600
|
| 022 |
|
|
|a 0378-2395
|l 0378-2395
|2 0
|
| 029 |
1 |
|
|a NLGGC
|b 865603308
|
| 029 |
1 |
|
|a AU@
|b 000001386692
|
| 029 |
1 |
|
|a GBVCP
|b 167083619
|
| 030 |
|
|
|a JMAUDA
|
| 035 |
|
|
|a (OCoLC)ocm02942501
|
| 035 |
|
|
|a (OCoLC)2942501
|
| 037 |
|
|
|b The Managing Editor, Journal of Maharashtra Agricultural Universities, College of Agriculture, Pune - 411 005, INDIA
|
| 040 |
|
|
|a AGL
|c AGL
|d NSD
|d DLC
|d SER
|d AIP
|d NST
|d AGL
|d OCLCQ
|d GBVCP
|d TXA
|d UtOrBLW
|
| 042 |
|
|
|a nsdp
|a pcc
|
| 043 |
|
|
|a a-ii---
|
| 049 |
|
|
|a TXAM
|
| 050 |
|
4 |
|a S19
|b .J6
|
| 070 |
0 |
|
|a S471.I3J6
|
| 072 |
|
0 |
|a A000
|
| 210 |
0 |
|
|a J. Maharashtra Agric. Univ.
|
| 222 |
|
0 |
|a Journal of Maharashtra Agricultural Universities
|
| 245 |
0 |
0 |
|a Journal of Maharashtra agricultural universities.
|
| 264 |
|
1 |
|a Pune, India :
|b College of Agriculture,
|c 1976-2010.
|
| 300 |
|
|
|a 35 volumes :
|b illustrations ;
|c 28 cm.
|
| 310 |
|
|
|a Three times a year,
|b <1979>-2010
|
| 321 |
|
|
|a Bimonthly,
|b 1976-
|
| 336 |
|
|
|a text
|b txt
|2 rdacontent
|
| 337 |
|
|
|a unmediated
|b n
|2 rdamedia
|
| 338 |
|
|
|a volume
|b nc
|2 rdacarrier
|
| 362 |
0 |
|
|a Vol. 1, no. 1 (Jan./Feb. 1976)-v. 35, no. 3 (Sept. 2010).
|
| 500 |
|
|
|a Title from cover.
|
| 510 |
2 |
|
|a Chemical abstracts
|x 0009-2258
|
| 550 |
|
|
|a Publication of: Mahatma Phule Krishi Vidyapeeth, Rahuri; the Punjabrao Krishi Vidyapeeth, Akola; Marathwada Krishi Vidyapeeth, Parbhani, Jan./Feb. 1976-Sept. 1980; Konkan Krishi Vidyapeeth, Dapoli, Jan./Feb. 1976-Sept. 2000; Marathwada Agricultural University, Parbhani, Jan. 1981-Sept. 2010; and Dr. Balasaheb Sawant Konkan Krishi Vidyapeeth, Dapoli, M.S. (India), Jan. 2001-Sept. 2010.
|
| 588 |
|
|
|a Latest issue consulted: Vol. 35, no. 3 (Sept. 2010).
|
| 650 |
|
0 |
|a Agriculture
|z India
|v Periodicals.
|
| 650 |
|
0 |
|a Agriculture
|v Periodicals.
|
| 710 |
2 |
|
|a Mahatma Phule Krishi Vidyapeeth.
|
| 710 |
2 |
|
|a Punjabrao Krishi Vidyapeeth.
|
| 710 |
2 |
|
|a Marathwada Krishi Vidyapeeth.
|
| 710 |
2 |
|
|a Konkan Krishi Vidyapeeth.
|
| 710 |
2 |
|
|a Dr. B.S. Konkan Krishi Vidyapeeth, Dapoli.
|
| 710 |
2 |
|
|a Marathwada Agricultural University.
|
| 776 |
0 |
8 |
|i Online version:
|t Journal of Maharashtra agricultural universities
|w (OCoLC)688644858
|
| 780 |
0 |
0 |
|t Research journal of Mahatma Phule Agricultural University
|x 0378-6404
|w (DLC)sn 79009256
|w (OCoLC)3454864
|
| 785 |
0 |
0 |
|t Journal of agriculture research and technology
|w (OCoLC)722392848
|
| 850 |
|
|
|a DNAL
|a MnSU
|a TxCM
|
| 994 |
|
|
|a C0
|b TXA
|
| 949 |
|
|
|a updated
|b h
|c 2011/5/11
|e coplinger
|f 11:56:11 am
|g CF cessation
|
| 999 |
|
|
|a MARS
|
| 999 |
f |
f |
|s 4cdd58d3-94d3-3a11-9d85-7546a0499961
|i 47f65751-98d7-3bd3-aafc-6adb7e237cba
|t 0
|
| 952 |
f |
f |
|p ric
|a Texas A&M University
|b Rellis Campus
|c Joint Library Facility
|d Remote Storage
|t 0
|e S19 .J6
|h Library of Congress classification
|i unmediated -- volume
|k v.23
|l 1998
|m A14827264054
|
| 952 |
f |
f |
|p ric
|a Texas A&M University
|b Rellis Campus
|c Joint Library Facility
|d Remote Storage
|t 0
|e S19 .J6
|h Library of Congress classification
|i unmediated -- volume
|k v.19
|l 1994
|m A14820370113
|
| 952 |
f |
f |
|p ric
|a Texas A&M University
|b Rellis Campus
|c Joint Library Facility
|d Remote Storage
|t 0
|e S19 .J6
|h Library of Congress classification
|i unmediated -- volume
|k v.14
|l 1989
|m A14813806195
|
| 952 |
f |
f |
|p ric
|a Texas A&M University
|b Rellis Campus
|c Joint Library Facility
|d Remote Storage
|t 0
|e S19 .J6
|h Library of Congress classification
|i unmediated -- volume
|k v.4-5
|l 1979-1980
|m A14851563800
|
| 952 |
f |
f |
|p ric
|a Texas A&M University
|b Rellis Campus
|c Joint Library Facility
|d Remote Storage
|t 0
|e S19 .J6
|h Library of Congress classification
|i unmediated -- volume
|k v.34:no.1-2
|l 2009:Jan.-May
|m A14843479081
|
| 952 |
f |
f |
|p ric
|a Texas A&M University
|b Rellis Campus
|c Joint Library Facility
|d Remote Storage
|t 0
|e S19 .J6
|h Library of Congress classification
|i unmediated -- volume
|k v.28
|l 2003
|m A14835089890
|
| 952 |
f |
f |
|p ric
|a Texas A&M University
|b Rellis Campus
|c Joint Library Facility
|d Remote Storage
|t 0
|e S19 .J6
|h Library of Congress classification
|i unmediated -- volume
|k v.8-9
|l 1983-1984
|m A14851563545
|
| 952 |
f |
f |
|p ric
|a Texas A&M University
|b Rellis Campus
|c Joint Library Facility
|d Remote Storage
|t 0
|e S19 .J6
|h Library of Congress classification
|i unmediated -- volume
|k v.6-7
|l 1981-1982
|m A14851563677
|
| 952 |
f |
f |
|p ric
|a Texas A&M University
|b Rellis Campus
|c Joint Library Facility
|d Remote Storage
|t 0
|e S19 .J6
|h Library of Congress classification
|i unmediated -- volume
|k v.11
|l 1986
|m A14851563289
|
| 952 |
f |
f |
|p ric
|a Texas A&M University
|b Rellis Campus
|c Joint Library Facility
|d Remote Storage
|t 0
|e S19 .J6
|h Library of Congress classification
|i unmediated -- volume
|k v.25
|l 2000
|m A14828782461
|
| 952 |
f |
f |
|p ric
|a Texas A&M University
|b Rellis Campus
|c Joint Library Facility
|d Remote Storage
|t 0
|e S19 .J6
|h Library of Congress classification
|i unmediated -- volume
|k v.21
|l 1996
|m A14824889562
|
| 952 |
f |
f |
|p ric
|a Texas A&M University
|b Rellis Campus
|c Joint Library Facility
|d Remote Storage
|t 0
|e S19 .J6
|h Library of Congress classification
|i unmediated -- volume
|k v.34:no.3
|l 2009:Sept.
|m A14839511831
|
| 952 |
f |
f |
|p ric
|a Texas A&M University
|b Rellis Campus
|c Joint Library Facility
|d Remote Storage
|t 0
|e S19 .J6
|h Library of Congress classification
|i unmediated -- volume
|k v.10
|l 1985
|m A14851563412
|
| 952 |
f |
f |
|p ric
|a Texas A&M University
|b Rellis Campus
|c Joint Library Facility
|d Remote Storage
|t 0
|e S19 .J6
|h Library of Congress classification
|i unmediated -- volume
|k v.17
|l 1992
|m A14817863830
|
| 952 |
f |
f |
|p ric
|a Texas A&M University
|b Rellis Campus
|c Joint Library Facility
|d Remote Storage
|t 0
|e S19 .J6
|h Library of Congress classification
|i unmediated -- volume
|k v.12
|l 1987
|m A14812028697
|
| 952 |
f |
f |
|p ric
|a Texas A&M University
|b Rellis Campus
|c Joint Library Facility
|d Remote Storage
|t 0
|e S19 .J6
|h Library of Congress classification
|i unmediated -- volume
|k v.33
|l 2008
|m A14839511792
|
| 952 |
f |
f |
|p ric
|a Texas A&M University
|b Rellis Campus
|c Joint Library Facility
|d Remote Storage
|t 0
|e S19 .J6
|h Library of Congress classification
|i unmediated -- volume
|k v.24:no.2-3
|l 1999:May-Sept.
|m A14828782500
|
| 952 |
f |
f |
|p ric
|a Texas A&M University
|b Rellis Campus
|c Joint Library Facility
|d Remote Storage
|t 0
|e S19 .J6
|h Library of Congress classification
|i unmediated -- volume
|k v.30
|l 2005
|m A14835090485
|
| 952 |
f |
f |
|p ric
|a Texas A&M University
|b Rellis Campus
|c Joint Library Facility
|d Remote Storage
|t 0
|e S19 .J6
|h Library of Congress classification
|i unmediated -- volume
|k v.32
|l 2007
|m A14834765451
|
| 952 |
f |
f |
|p ric
|a Texas A&M University
|b Rellis Campus
|c Joint Library Facility
|d Remote Storage
|t 0
|e S19 .J6
|h Library of Congress classification
|i unmediated -- volume
|k v.1
|l 1976
|m A14851563537
|
| 952 |
f |
f |
|p ric
|a Texas A&M University
|b Rellis Campus
|c Joint Library Facility
|d Remote Storage
|t 0
|e S19 .J6
|h Library of Congress classification
|i unmediated -- volume
|k v.16
|l 1991
|m A14816999751
|
| 952 |
f |
f |
|p ric
|a Texas A&M University
|b Rellis Campus
|c Joint Library Facility
|d Remote Storage
|t 0
|e S19 .J6
|h Library of Congress classification
|i unmediated -- volume
|k v.3
|l 1978
|m A14851563271
|
| 952 |
f |
f |
|p ric
|a Texas A&M University
|b Rellis Campus
|c Joint Library Facility
|d Remote Storage
|t 0
|e S19 .J6
|h Library of Congress classification
|i unmediated -- volume
|k v.27
|l 2002
|m A14832206003
|
| 952 |
f |
f |
|p ric
|a Texas A&M University
|b Rellis Campus
|c Joint Library Facility
|d Remote Storage
|t 0
|e S19 .J6
|h Library of Congress classification
|i unmediated -- volume
|k v.35
|l 2010
|m A14839511873
|
| 952 |
f |
f |
|p ric
|a Texas A&M University
|b Rellis Campus
|c Joint Library Facility
|d Remote Storage
|t 0
|e S19 .J6
|h Library of Congress classification
|i unmediated -- volume
|k v.2
|l 1977
|m A14851563404
|
| 952 |
f |
f |
|p ric
|a Texas A&M University
|b Rellis Campus
|c Joint Library Facility
|d Remote Storage
|t 0
|e S19 .J6
|h Library of Congress classification
|i unmediated -- volume
|k v.26:no.1-2
|l 2001:Jan.-May
|m A14830972488
|
| 952 |
f |
f |
|p ric
|a Texas A&M University
|b Rellis Campus
|c Joint Library Facility
|d Remote Storage
|t 0
|e S19 .J6
|h Library of Congress classification
|i unmediated -- volume
|k v.31
|l 2006
|m A14837137398
|
| 952 |
f |
f |
|p ric
|a Texas A&M University
|b Rellis Campus
|c Joint Library Facility
|d Remote Storage
|t 0
|e S19 .J6
|h Library of Congress classification
|i unmediated -- volume
|k v.22
|l 1997
|m A14825994310
|
| 952 |
f |
f |
|p ric
|a Texas A&M University
|b Rellis Campus
|c Joint Library Facility
|d Remote Storage
|t 0
|e S19 .J6
|h Library of Congress classification
|i unmediated -- volume
|k v.20
|l 1995
|m A14822516561
|
| 952 |
f |
f |
|p ric
|a Texas A&M University
|b Rellis Campus
|c Joint Library Facility
|d Remote Storage
|t 0
|e S19 .J6
|h Library of Congress classification
|i unmediated -- volume
|k v.15
|l 1990
|m A14815671855
|
| 952 |
f |
f |
|p ric
|a Texas A&M University
|b Rellis Campus
|c Joint Library Facility
|d Remote Storage
|t 0
|e S19 .J6
|h Library of Congress classification
|i unmediated -- volume
|k v.18
|l 1993
|m A14819290758
|
| 998 |
f |
f |
|a S19 .J6
|s v.30-35 (2005-2010)
|t 0
|l Remote Storage
|